00762nam a2200193 a 450000100100000000500170001000800410002704000250006810000310009324500510012425000120017526000410018730000210022850000420024950400320029195201110032395201170043499900170055100003824420201002031216.0130405s1965 mx 000 0 spa d aDO-SdBNPbspacBNPHU1 aAlatriste, Sealtiel96461310aTécnica de los costos /cSealtiel Alatriste. a28a ed. aMéxico :bEditorial Porrua,c1965. a442 p. ;c22 cm. aIncluye notas al pie de las páginas aBibliografía : p. 435-436 001054708MOaGRbGRcCTd2013-04-05iLF1l0o p38244-10r2020-06-25w2020-06-25y4ZPréstamo en sala 001054728MOaGRbGRcCTd2013-05-08iLF1l0o p38244-20r2020-06-25te. 2w2020-06-25y4ZPréstamo en sala c37734d37734